[Event "UT Dallas vs USA Juniors"]
[Site "Richardson USA"]
[Date "2015.03.13"]
[Round "1.1"]
[White "Kritz, Leonid"]
[Black "Troff, Kayden W"]
[Result "1-0"]
[WhiteTitle "GM"]
[BlackTitle "GM"]
[WhiteElo "2583"]
[BlackElo "2532"]
[WhiteTeam "UTD team"]
[BlackTeam "USAJr team"]
[WhiteFideId "4653530"]
[BlackFideId "2047896"]
[EventDate "2015.03.13"]

1. e4 c5 2. Nf3 d6 3. d4 cxd4 4. Nxd4 Nf6 5. Nc3 a6 6. h3 e6 7. g4 d5 8. Bg2 e5
9. Nde2 d4 10. Nd5 Be6 11. Nxf6+ Qxf6 12. O-O Nc6 13. f4 Bc5 14. Kh2 Qh4 15. Ng3
O-O-O 16. f5 Bc4 17. Rf3 f6 18. a3 g6 19. Bd2 Ne7 20. Qc1 h5 21. g5 gxf5 22.
Nxf5 Qxe4 23. Rf2 Qxf5 24. Rxf5 Nxf5 25. Qe1 fxg5 26. Bb4 Bxb4 27. Qxb4 Nd6 28.
Qc5+ Kb8 29. Qxe5 Rhe8 30. Qxg5 Rd7 31. Rd1 Rg8 32. Qe5 Ka8 33. Rxd4 Rdg7 34.
Rd2 Rg6 35. Qxh5 Be6 36. Qxg6 Rxg6 37. Rxd6 Kb8 38. Bd5 Bf5 39. Rxg6 Bxg6 40. c3
Kc7 41. Kg3 b6 42. Kf4 Kd6 43. Be4 Bh5 44. Bd3 b5 45. h4 Bd1 46. Kg5 Ke7 47. h5
Kf7 48. h6 Bb3 49. Kf4 Kf6 50. Ke3 Be6 51. Kd4 Bc8 52. Kc5 Bb7 53. Kb6 Bc8 54.
Kc7 Ke6 1-0

[Event "UT Dallas vs USA Juniors"]
[Site "Richardson USA"]
[Date "2015.03.13"]
[Round "1.2"]
[White "Iotov, Valentin"]
[Black "Sevian, Samuel"]
[Result "0-1"]
[WhiteTitle "GM"]
[BlackTitle "GM"]
[WhiteElo "2579"]
[BlackElo "2531"]
[WhiteTeam "UTD team"]
[BlackTeam "USAJr team"]
[WhiteFideId "2906074"]
[BlackFideId "2040506"]
[EventDate "2015.03.13"]

1. c4 e5 2. g3 Nf6 3. Bg2 d5 4. cxd5 Nxd5 5. Nc3 Nb6 6. d3 Be7 7. Be3 O-O 8. Rc1
Nc6 9. Bxc6 bxc6 10. Nf3 Bd6 11. d4 exd4 12. Qxd4 c5 13. Qd3 Qf6 14. Bg5 Qe6 15.
Qe4 Qd7 16. O-O Re8 17. Qd3 a5 18. Nh4 Qg4 19. Be3 Nc4 20. f3 Qe6 21. Bf2 Nxb2
22. Qc2 Nc4 23. Ne4 Ba6 24. Ng5 Qh6 25. f4 Bf8 26. Rfe1 Rab8 27. Qf5 Nd6 28.
Qxc5 Ne4 29. Qxa5 Nxf2 30. Qf5 Nh3+ 31. Qxh3 Qb6+ 32. Kf1 h6 33. Ngf3 Rxe2 34.
Rxe2 Bxe2+ 35. Kg2 Qb2 36. Rxc7 Bd3+ 37. Kh1 Qb1+ 38. Ng1 Be4+ 0-1

[Event "UT Dallas vs USA Juniors"]
[Site "Richardson USA"]
[Date "2015.03.13"]
[Round "1.3"]
[White "Margvelashvili, Giorgi"]
[Black "Yang, Darwin"]
[Result "1/2-1/2"]
[WhiteTitle "GM"]
[BlackTitle "IM"]
[WhiteElo "2531"]
[BlackElo "2478"]
[WhiteTeam "UTD team"]
[BlackTeam "USAJr team"]
[WhiteFideId "13602926"]
[BlackFideId "2029111"]
[EventDate "2015.03.13"]

1. Nf3 Nf6 2. c4 c6 3. Nc3 d5 4. e3 e6 5. Qc2 Nbd7 6. b3 Be7 7. d4 O-O 8. Be2 b6
9. O-O Bb7 10. Bb2 Qc7 11. Rad1 Rac8 12. e4 dxe4 13. Ng5 Rfd8 14. Ngxe4 Nxe4 15.
Nxe4 Nf6 16. Bf3 h6 17. Rfe1 Rd7 18. Rd3 1/2-1/2

[Event "UT Dallas vs USA Juniors"]
[Site "Richardson USA"]
[Date "2015.03.13"]
[Round "1.4"]
[White "Holt, Conrad"]
[Black "Xiong, Jeffery"]
[Result "1-0"]
[WhiteTitle "GM"]
[BlackTitle "IM"]
[WhiteElo "2530"]
[BlackElo "2473"]
[WhiteTeam "UTD team"]
[BlackTeam "USAJr team"]
[WhiteFideId "2034387"]
[BlackFideId "2047640"]
[EventDate "2015.03.13"]

1. d4 Nf6 2. c4 e6 3. Nf3 Bb4+ 4. Nbd2 b6 5. a3 Bxd2+ 6. Nxd2 Bb7 7. Qc2 d6 8.
e4 Nbd7 9. Bd3 e5 10. Nf3 h6 11. O-O a5 12. Bd2 O-O 13. Rae1 Re8 14. Bc3 Nh7 15.
Nd2 Nhf8 16. g3 exd4 17. Bxd4 Ne6 18. Bc3 Nec5 19. Re3 Nxd3 20. Qxd3 Nc5 21. Qc2
Qd7 22. Rfe1 a4 23. Nf3 Qe6 24. Nd4 Qxc4 25. Nf5 Bxe4 26. Qd1 Bxf5 27. Rxe8+
Rxe8 28. Rxe8+ Kh7 29. Qh5 Qg4 30. Qxf7 Be6 31. Qf8 Qd1+ 32. Kg2 Bd5+ 33. f3
Qc2+ 34. Kh3 Be6+ 35. g4 1-0

[Event "UT Dallas vs USA Juniors"]
[Site "Richardson USA"]
[Date "2015.03.13"]
[Round "1.5"]
[White "Kadric, Denis"]
[Black "Chandra, Akshat"]
[Result "1/2-1/2"]
[WhiteTitle "IM"]
[BlackTitle "IM"]
[WhiteElo "2500"]
[BlackElo "2459"]
[WhiteTeam "UTD team"]
[BlackTeam "USAJr team"]
[WhiteFideId "14403803"]
[BlackFideId "25006711"]
[EventDate "2015.03.13"]

1. e4 c5 2. Nc3 Nc6 3. Nge2 e6 4. d4 cxd4 5. Nxd4 Qc7 6. Be3 a6 7. Qf3 Bd6 8.
O-O-O Be5 9. g3 Nge7 10. Qe2 b5 11. f4 Bxd4 12. Bxd4 Nxd4 13. Rxd4 Rb8 14. e5
O-O 15. Bg2 Nf5 16. Rd3 b4 17. Ne4 a5 18. Qf2 Ba6 19. Rd2 Bb7 20. Kb1 a4 21. Qc5
Rfc8 22. Qxc7 Rxc7 23. Re1 Kf8 24. Bh3 Ne7 25. Nd6 Bd5 26. f5 exf5 27. Bxf5 1/2-1/2

[Event "UT Dallas vs USA Juniors"]
[Site "Richardson USA"]
[Date "2015.03.14"]
[Round "2.1"]
[White "Chandra, Akshat"]
[Black "Kritz, Leonid"]
[Result "1/2-1/2"]
[WhiteTitle "IM"]
[BlackTitle "GM"]
[WhiteElo "2459"]
[BlackElo "2583"]
[WhiteTeam "USAJr team"]
[BlackTeam "UTD team"]
[WhiteFideId "25006711"]
[BlackFideId "4653530"]
[EventDate "2015.03.13"]

1. e4 c6 2. d4 d5 3. Nc3 dxe4 4. Nxe4 Bf5 5. Ng3 Bg6 6. h4 h6 7. Nf3 Nd7 8. h5
Bh7 9. Bd3 Bxd3 10. Qxd3 Qc7 11. Bd2 e6 12. O-O-O Ngf6 13. Ne4 O-O-O 14. g3 Nxe4
15. Qxe4 Bd6 16. c4 Nf6 17. Qe2 Qe7 18. Kb1 Rhe8 19. Ne5 Bc7 20. Bc3 Qf8 21. g4
Nd7 22. f4 c5 23. Rhe1 cxd4 24. Bxd4 Nxe5 25. fxe5 b6 26. Qf3 Kb8 27. Bc3 Rxd1+
28. Rxd1 Rd8 29. Rxd8+ Qxd8 30. a3 Qg5 31. Qe4 g6 32. Qf3 gxh5 33. gxh5 Bxe5 34.
Bxe5+ Qxe5 35. Qxf7 Qe4+ 1/2-1/2

[Event "UT Dallas vs USA Juniors"]
[Site "Richardson USA"]
[Date "2015.03.14"]
[Round "2.2"]
[White "Troff, Kayden W"]
[Black "Iotov, Valentin"]
[Result "1-0"]
[WhiteTitle "GM"]
[BlackTitle "GM"]
[WhiteElo "2532"]
[BlackElo "2579"]
[WhiteTeam "USAJr team"]
[BlackTeam "UTD team"]
[WhiteFideId "2047896"]
[BlackFideId "2906074"]
[EventDate "2015.03.13"]

1. d4 d5 2. c4 c6 3. Nf3 Nf6 4. Nc3 a6 5. a4 dxc4 6. e3 e6 7. Bxc4 c5 8. O-O
cxd4 9. exd4 Nc6 10. d5 exd5 11. Nxd5 Nxd5 12. Bxd5 Be7 13. Bxc6+ bxc6 14. Qxd8+
Bxd8 15. Re1+ Be7 16. Nd4 c5 17. Bg5 cxd4 18. Rxe7+ Kf8 19. Rc7 Bf5 20. Rd1 f6
21. Bd2 Rb8 22. b4 h5 23. Re1 Rh7 24. Ra7 Bd3 25. h4 Re8 26. Rd7 Rxe1+ 27. Bxe1
g5 28. Rxd4 Bc2 29. Rd6 Bxa4 30. Rxf6+ Rf7 31. Rxa6 Bb5 32. Ra8+ Kg7 33. hxg5
Rd7 34. Bc3+ Kg6 35. Rg8+ Kf5 36. g6 1-0

[Event "UT Dallas vs USA Juniors"]
[Site "Richardson USA"]
[Date "2015.03.14"]
[Round "2.3"]
[White "Sevian, Samuel"]
[Black "Margvelashvili, Giorgi"]
[Result "0-1"]
[WhiteTitle "GM"]
[BlackTitle "GM"]
[WhiteElo "2531"]
[BlackElo "2531"]
[WhiteTeam "USAJr team"]
[BlackTeam "UTD team"]
[WhiteFideId "2040506"]
[BlackFideId "13602926"]
[EventDate "2015.03.13"]

1. e4 e6 2. d4 d5 3. Nc3 dxe4 4. Nxe4 Bd7 5. Nf3 Bc6 6. Bd3 Nd7 7. O-O Ngf6 8.
Bg5 Be7 9. Ng3 O-O 10. c3 Re8 11. Re1 Bxf3 12. Qxf3 c6 13. a3 g6 14. Rad1 Nd5
15. Bc1 Bg5 16. c4 N5b6 17. Bxg5 Qxg5 18. Ne4 Qe7 19. Qg3 Nf6 20. Nc5 Rad8 21.
Bf1 Nc8 22. Qf3 Kg7 23. Qf4 Nd6 24. Qe5 Kg8 25. d5 Nxc4 26. Bxc4 Qxc5 27. Qxf6
Qxc4 28. dxe6 Qxe6 29. Qxe6 fxe6 30. f3 Kf7 31. Kf2 Rd5 32. Rc1 Red8 33. Re2 Kf6
34. Rc4 Rd4 35. Rxd4 Rxd4 36. Ke3 e5 37. Rc2 Ke6 38. g3 Kd5 39. b4 b6 40. h4 h5
41. Rb2 e4 42. fxe4+ Rxe4+ 43. Kf3 Rc4 44. Rb3 Kd4 45. Kf4 Rc3 46. Rb1 Rxa3 47.
Re1 c5 48. Re4+ Kd5 49. Re5+ Kd6 50. bxc5+ bxc5 51. Re8 Ra4+ 52. Kf3 a5 53. Ra8
Ke5 54. Re8+ Kd5 55. Rd8+ Kc6 56. Rc8+ Kb6 57. Rb8+ Kc7 58. Rf8 Rg4 59. Rf6 a4
60. Kf2 Kb7 61. Rf3 Kb6 62. Ke2 Kb5 63. Kd2 Kb4 64. Kc2 c4 65. Re3 a3 66. Rf3
Re4 67. Rf6 Re2+ 68. Kb1 c3 69. Ra6 Rb2+ 70. Kc1 a2 71. Rb6+ Kc5 0-1

[Event "UT Dallas vs USA Juniors"]
[Site "Richardson USA"]
[Date "2015.03.14"]
[Round "2.4"]
[White "Yang, Darwin"]
[Black "Holt, Conrad"]
[Result "0-1"]
[WhiteTitle "IM"]
[BlackTitle "GM"]
[WhiteElo "2478"]
[BlackElo "2530"]
[WhiteTeam "USAJr team"]
[BlackTeam "UTD team"]
[WhiteFideId "2029111"]
[BlackFideId "2034387"]
[EventDate "2015.03.13"]

1. d4 d5 2. c4 c6 3. Nf3 Nf6 4. e3 e6 5. Nc3 Nbd7 6. Qc2 b6 7. Bd3 Bb7 8. O-O
Be7 9. b3 O-O 10. Bb2 g6 11. Qe2 dxc4 12. bxc4 c5 13. Rfd1 cxd4 14. exd4 Rc8 15.
Rac1 Re8 16. Ne5 Qc7 17. f4 a6 18. Rc2 Red8 19. Nb1 Nh5 20. Rf1 Ndf6 21. Nd2 b5
22. g4 Ng7 23. Rcc1 bxc4 24. Ndxc4 Bf8 0-1

[Event "UT Dallas vs USA Juniors"]
[Site "Richardson USA"]
[Date "2015.03.14"]
[Round "2.5"]
[White "Xiong, Jeffery"]
[Black "Kadric, Denis"]
[Result "1/2-1/2"]
[WhiteTitle "IM"]
[BlackTitle "IM"]
[WhiteElo "2473"]
[BlackElo "2500"]
[WhiteTeam "USAJr team"]
[BlackTeam "UTD team"]
[WhiteFideId "2047640"]
[BlackFideId "14403803"]
[EventDate "2015.03.13"]

1. e4 e5 2. Nf3 d6 3. d4 exd4 4. Qxd4 a6 5. Bf4 Nf6 6. Nc3 Be7 7. a4 O-O 8. Bc4
Nc6 9. Qd2 Be6 10. Bd5 Bg4 11. Bxc6 bxc6 12. Nd4 Bd7 13. O-O d5 14. exd5 cxd5
15. Nb3 Be6 16. Qd4 Rb8 17. Qa7 Bd6 18. Bg3 Bxg3 19. hxg3 Qd6 20. Rad1 Rfc8 21.
Qc5 Qxc5 22. Nxc5 Rxb2 23. Rc1 Rb6 24. Ne2 Rc6 25. Nxe6 Rxe6 26. Nf4 Re4 27.
Rfd1 c6 28. a5 Rb8 29. Nd3 Nd7 30. c4 Rxc4 31. Rxc4 dxc4 32. Nb4 Rxb4 33. Rxd7
g6 34. Rc7 Rb1+ 35. Kh2 Rb2 36. Rxc6 Rxf2 37. Rxa6 Ra2 38. Rc6 Rxa5 39. Rxc4 Kg7
40. Rc7 Rh5+ 41. Kg1 Re5 42. Kf2 Kf6 43. Kf3 Rf5+ 44. Ke2 Kg5 45. Rc4 h5 46. Ra4
Rb5 47. Kf2 Rb2+ 48. Kg1 Rb6 49. Rc4 Re6 50. Ra4 f5 51. Kf2 Rf6 52. Rb4 Ra6 53.
Rc4 Kf6 54. Rb4 Ke5 55. Kg1 Kd5 56. Kh2 Kc5 57. Rb8 Kd4 58. Re8 Kd5 59. Kh3 Re6
60. Rg8 Ke5 61. Ra8 Kf6 62. Kh2 Kg5 63. Ra4 Re4 64. Ra6 h4 65. gxh4+ Rxh4+ 66.
Kg3 Rb4 67. Kf3 Rb3+ 68. Kf2 Kh5 69. Ra4 g5 70. g3 Rb2+ 71. Kf1 Kg6 72. Ra6+ Kf7
73. Rc6 Rb7 74. Kf2 Re7 75. Ra6 Re6 76. Ra5 Kf6 77. Rb5 Rd6 78. Ra5 1/2-1/2

[Event "UT Dallas vs USA Juniors"]
[Site "Richardson USA"]
[Date "2015.03.14"]
[Round "3.1"]
[White "Kritz, Leonid"]
[Black "Xiong, Jeffery"]
[Result "1/2-1/2"]
[WhiteTitle "GM"]
[BlackTitle "IM"]
[WhiteElo "2583"]
[BlackElo "2473"]
[WhiteTeam "UTD team"]
[BlackTeam "USAJr team"]
[WhiteFideId "4653530"]
[BlackFideId "2047640"]
[EventDate "2015.03.13"]

1. e4 c5 2. Nf3 d6 3. d4 cxd4 4. Nxd4 Nf6 5. Nc3 a6 6. h3 e5 7. Nde2 h5 8. Bg5
Be6 9. Bxf6 Qxf6 10. Nd5 Qd8 11. Nec3 g6 12. Bc4 Bh6 13. O-O O-O 14. Bb3 Nc6 15.
Qd3 Rc8 16. Rad1 Nd4 17. Ne2 Nxb3 18. Qxb3 b5 19. a4 Rc5 20. Nec3 Qb8 21. axb5
axb5 22. Na2 Rc4 23. Rfe1 Kh8 24. Nab4 Qa7 25. c3 f5 26. exf5 Rxf5 27. Qc2 Qf7
28. Ne3 Bxe3 29. fxe3 Rc8 30. Rxd6 Rf8 31. Nd3 Rg5 32. Nf2 Bd5 33. e4 Rxg2+ 34.
Kxg2 Qf3+ 35. Kh2 Qf4+ 36. Kg2 Qf3+ 37. Kh2 Qf4+ 1/2-1/2

[Event "UT Dallas vs USA Juniors"]
[Site "Richardson USA"]
[Date "2015.03.14"]
[Round "3.2"]
[White "Iotov, Valentin"]
[Black "Chandra, Akshat"]
[Result "0-1"]
[WhiteTitle "GM"]
[BlackTitle "IM"]
[WhiteElo "2579"]
[BlackElo "2459"]
[WhiteTeam "UTD team"]
[BlackTeam "USAJr team"]
[WhiteFideId "2906074"]
[BlackFideId "25006711"]
[EventDate "2015.03.13"]

1. c4 Nf6 2. Nc3 c5 3. g3 d5 4. cxd5 Nxd5 5. Bg2 Nc7 6. e3 Nc6 7. Nge2 g6 8. d4
cxd4 9. exd4 Bg7 10. d5 Ne5 11. O-O O-O 12. Bf4 Ne8 13. Re1 Nd6 14. Nd4 Nec4 15.
b3 Nb6 16. Qd2 Re8 17. a4 a5 18. Bg5 Bd7 19. Re2 Rc8 20. Rae1 Bf6 21. Ne4 Nxe4
22. Bxe4 Bxg5 23. Qxg5 e5 24. Qxd8 Rexd8 25. Nc2 Rc3 26. d6 Rxb3 27. Bxb7 Nxa4
28. Bg2 Rb2 29. Na3 Rxe2 30. Rxe2 Be6 31. Nb5 Bc4 32. Rxe5 f6 33. Bd5+ Kh8 34.
Bxc4 fxe5 35. Kg2 Kg7 36. Nc7 Nc5 37. Bb5 Kf8 38. d7 Ke7 0-1

[Event "UT Dallas vs USA Juniors"]
[Site "Richardson USA"]
[Date "2015.03.14"]
[Round "3.4"]
[White "Holt, Conrad"]
[Black "Sevian, Samuel"]
[Result "0-1"]
[WhiteTitle "GM"]
[BlackTitle "GM"]
[WhiteElo "2530"]
[BlackElo "2531"]
[WhiteTeam "UTD team"]
[BlackTeam "USAJr team"]
[WhiteFideId "2034387"]
[BlackFideId "2040506"]
[EventDate "2015.03.13"]

1. d4 Nf6 2. c4 e6 3. Nf3 d5 4. Nc3 c6 5. Bg5 dxc4 6. e4 b5 7. e5 h6 8. Bh4 g5
9. Nxg5 hxg5 10. Bxg5 Nbd7 11. exf6 Bb7 12. g3 Qb6 13. Bg2 O-O-O 14. O-O Ne5 15.
dxe5 Rxd1 16. Rfxd1 b4 17. Ne4 c5 18. h4 Bd5 19. Rac1 Qa6 20. Be3 Qxa2 21. Ng5
Bxg2 22. Kxg2 Bh6 23. Nxf7 Bxe3 24. fxe3 Qxb2+ 25. Kf3 Rf8 26. Nd6+ Kb8 27. Nxc4
Qa2 28. g4 Qa6 29. Nd6 Qc6+ 30. Kg3 Qa6 31. Kf3 Qc6+ 32. Kf2 Qa4 33. Nc4 Qc6 34.
Nd2 Qa4 35. g5 b3 36. Rc4 Qa2 37. g6 Rd8 38. Ke1 b2 39. Rc2 Qa4 40. Rxb2+ Ka8
41. Rdb1 Qxh4+ 42. Kd1 Qg4+ 43. Ke1 0-1

[Event "UT Dallas vs USA Juniors"]
[Site "Richardson USA"]
[Date "2015.03.14"]
[Round "3.5"]
[White "Kadric, Denis"]
[Black "Yang, Darwin"]
[Result "1/2-1/2"]
[WhiteTitle "IM"]
[BlackTitle "IM"]
[WhiteElo "2500"]
[BlackElo "2478"]
[WhiteTeam "UTD team"]
[BlackTeam "USAJr team"]
[WhiteFideId "14403803"]
[BlackFideId "2029111"]
[EventDate "2015.03.13"]

1. e4 c6 2. d4 d5 3. e5 Bf5 4. h4 h5 5. Bd3 Bxd3 6. Qxd3 e6 7. Bg5 Qb6 8. Nd2 c5
9. c4 Qxb2 10. Rd1 Qxd4 11. Qb3 Qxe5+ 12. Ne2 Qc7 13. cxd5 exd5 14. O-O d4 15.
Rfe1 Be7 16. Nf4 Nc6 17. Nd5 Qd7 18. Ne4 Rd8 19. Nxe7 Ngxe7 20. Nxc5 Qd5 21.
Qxb7 f6 22. Ne6 Kf7 23. Nxd8+ Rxd8 24. Bf4 Rd7 25. Qb1 Nf5 26. g3 1/2-1/2

[Event "UT Dallas vs USA Juniors"]
[Site "Richardson USA"]
[Date "2015.03.15"]
[Round "4.1"]
[White "Yang, Darwin"]
[Black "Kritz, Leonid"]
[Result "1/2-1/2"]
[WhiteTitle "IM"]
[BlackTitle "GM"]
[WhiteElo "2478"]
[BlackElo "2583"]
[WhiteTeam "USAJr team"]
[BlackTeam "UTD team"]
[WhiteFideId "2029111"]
[BlackFideId "4653530"]
[EventDate "2015.03.13"]

1. d4 d5 2. c4 c6 3. Nf3 Nf6 4. e3 a6 5. Nc3 Bf5 6. Qb3 b5 7. c5 a5 8. Ne5 a4 9.
Qd1 g6 10. g4 Be6 11. Bd3 Nfd7 12. Nxd7 Qxd7 13. f3 h5 14. gxh5 Rxh5 15. Ne2 Rh8
16. Qc2 Na6 17. Bd2 Bh3 18. Rg1 e5 19. O-O-O O-O-O 20. a3 Be6 21. Rg2 Kb7 22.
Rh1 Qc7 23. h4 Be7 24. Be1 e4 25. fxe4 dxe4 26. Bxe4 Nxc5 27. Bg3 Qd7 28. dxc5
Bb3 29. Nd4 Bxc2 30. Bxc6+ Qxc6 31. Nxc6 Be4 32. Nxd8+ Rxd8 33. Rhh2 Bxg2 34.
Rxg2 Bxc5 35. Bf4 Kc6 36. Kc2 Rd5 37. Bg5 Rf5 38. Kd3 Kd6 39. Rc2 Ke6 40. Ke4
Re5+ 41. Kf3 Bd6 42. Rc6 Kd5 43. Rc8 Re6 44. Rc2 Be5 45. e4+ Kd4 46. Rc3 Bd6 47.
Rc6 Kd3 48. Rc3+ Kd4 49. Rc6 Ke5 1/2-1/2

[Event "UT Dallas vs USA Juniors"]
[Site "Richardson USA"]
[Date "2015.03.15"]
[Round "4.2"]
[White "Xiong, Jeffery"]
[Black "Iotov, Valentin"]
[Result "1/2-1/2"]
[WhiteTitle "IM"]
[BlackTitle "GM"]
[WhiteElo "2473"]
[BlackElo "2579"]
[WhiteTeam "USAJr team"]
[BlackTeam "UTD team"]
[WhiteFideId "2047640"]
[BlackFideId "2906074"]
[EventDate "2015.03.13"]

1. e4 d5 2. exd5 Qxd5 3. Nc3 Qd8 4. d4 Nf6 5. Nf3 Bg4 6. h3 Bxf3 7. Qxf3 c6 8.
Be3 e6 9. Bd3 Qa5 10. O-O Nbd7 11. a3 Be7 12. Ne2 O-O 13. c4 Rfe8 14. Nc3 Rad8
15. Rfd1 Qc7 16. Rac1 a5 17. g4 g6 18. Be2 e5 19. Qg3 Bd6 20. c5 Bf8 21. Bc4 Qb8
22. Qf3 b5 23. Ba2 b4 24. axb4 axb4 25. Ne4 b3 26. Bb1 Nd5 27. Bg5 Rc8 28. Rc4
Re6 29. Bh4 exd4 30. Rcxd4 Nxc5 31. Nxc5 Bxc5 32. R4d3 Rce8 33. Rxb3 Re1+ 34.
Kg2 Nf4+ 35. Kh2 Qc7 36. Bg3 Rxd1 37. Qxd1 Bd6 1/2-1/2

[Event "UT Dallas vs USA Juniors"]
[Site "Richardson USA"]
[Date "2015.03.15"]
[Round "4.3"]
[White "Chandra, Akshat"]
[Black "Margvelashvili, Giorgi"]
[Result "1-0"]
[WhiteTitle "IM"]
[BlackTitle "GM"]
[WhiteElo "2459"]
[BlackElo "2531"]
[WhiteTeam "USAJr team"]
[BlackTeam "UTD team"]
[WhiteFideId "25006711"]
[BlackFideId "13602926"]
[EventDate "2015.03.13"]

1. e4 c6 2. d4 d5 3. e5 Bf5 4. h4 Qc7 5. c4 e6 6. Nc3 h6 7. cxd5 cxd5 8. Bd3
Bxd3 9. Qxd3 Nc6 10. Nge2 a6 11. O-O Nge7 12. Bd2 Nc8 13. h5 Nb6 14. b3 Ba3 15.
Qg3 Rh7 16. Qd3 Rh8 17. Qg3 Rh7 18. Bc1 Bb4 19. Nd1 O-O-O 20. a3 Be7 21. Qd3
Rhh8 22. Ne3 Kb8 23. Bd2 Rc8 24. b4 Na7 25. a4 Qd7 26. b5 Nc4 27. bxa6 bxa6 28.
Rfb1+ Ka8 29. Nxc4 Rxc4 30. Qg3 Rg8 31. Bxh6 g5 32. Rb6 Rxa4 33. Rab1 Ra3 34.
Qg4 Nb5 35. Rc1 Rc8 36. Rxc8+ Qxc8 37. Bxg5 Bxg5 38. Qxg5 Ka7 39. Rd6 Nxd6 40.
Qe7+ Ka8 41. exd6 Qb8 42. Ng3 Ra1+ 43. Kh2 1-0

[Event "UT Dallas vs USA Juniors"]
[Site "Richardson USA"]
[Date "2015.03.15"]
[Round "4.4"]
[White "Troff, Kayden W"]
[Black "Holt, Conrad"]
[Result "1-0"]
[WhiteTitle "GM"]
[BlackTitle "GM"]
[WhiteElo "2532"]
[BlackElo "2530"]
[WhiteTeam "USAJr team"]
[BlackTeam "UTD team"]
[WhiteFideId "2047896"]
[BlackFideId "2034387"]
[EventDate "2015.03.13"]

1. d4 d5 2. c4 c6 3. Nf3 Nf6 4. Nc3 dxc4 5. a4 Bf5 6. e3 e6 7. Bxc4 Bb4 8. O-O
O-O 9. Nh4 Bg4 10. f3 Bh5 11. g4 Nd5 12. Ng2 Bg6 13. Na2 Be7 14. e4 Nb6 15. Bb3
c5 16. a5 Nc8 17. d5 Qxa5 18. dxe6 Nc6 19. Kh1 Nd4 20. exf7+ Bxf7 21. Bxf7+ Rxf7
22. Be3 Nb6 23. Bxd4 cxd4 24. Qxd4 Rd8 25. Qe3 Qd2 26. Qb3 Qd3 27. Nc3 Qc4 28.
Qxc4 Nxc4 29. Nd5 Nxb2 30. Rab1 Ba3 31. Nge3 Re8 32. Kg2 a6 33. h4 Re6 34. Rfc1
b5 35. Rc3 b4 36. Nxb4 Bxb4 37. Rc8+ Rf8 38. Rxf8+ Bxf8 39. Rxb2 a5 40. Ra2 Ra6
41. Ra4 Kf7 42. f4 Bb4 43. Nd5 Be1 44. h5 Rc6 45. Ra1 Rc2+ 46. Kf3 Bd2 47. Rb1
a4 48. Rb7+ Kf8 49. Ra7 Rc4 50. g5 Bc1 51. g6 hxg6 52. hxg6 1-0

[Event "UT Dallas vs USA Juniors"]
[Site "Richardson USA"]
[Date "2015.03.15"]
[Round "4.5"]
[White "Sevian, Samuel"]
[Black "Kadric, Denis"]
[Result "1-0"]
[WhiteTitle "GM"]
[BlackTitle "IM"]
[WhiteElo "2531"]
[BlackElo "2500"]
[WhiteTeam "USAJr team"]
[BlackTeam "UTD team"]
[WhiteFideId "2040506"]
[BlackFideId "14403803"]
[EventDate "2015.03.13"]

1. e4 d6 2. d4 Nf6 3. Nc3 e5 4. Nf3 exd4 5. Nxd4 Be7 6. Be2 O-O 7. Bf4 Re8 8.
Qd2 Bf8 9. f3 c6 10. Nb3 d5 11. O-O-O Nbd7 12. exd5 Nxd5 13. Nxd5 cxd5 14. Bb5
a6 15. Bxd7 Qxd7 16. Qxd5 Qa4 17. Nd4 Be6 18. Nxe6 fxe6 19. Rd4 exd5 20. Rxa4
Re2 21. Rd4 Rxg2 22. Rxd5 Rf2 23. Rd3 Rc8 24. c3 g6 25. Re1 b5 26. Bg3 Rg2 27.
Rd2 Bh6 28. f4 Rxd2 29. Kxd2 Rc4 30. Ke3 Kf7 31. Kf3 Bg7 32. Re4 Rc6 33. Bf2 Rd6
34. Bc5 Rc6 35. Re7+ Kf6 36. Re5 Kf7 37. Rd5 Bf6 38. f5 Be7 39. Bd4 gxf5 40.
Rxf5+ Kg6 41. Rd5 b4 42. cxb4 Bxb4 43. a3 Be7 44. b4 Kf7 45. Rh5 Kg6 46. Ra5 Kf7
47. Ke4 Rh6 48. Be5 Bd8 49. Rc5 Ke8 50. Rc8 Kd7 51. Ra8 Bg5 52. Ra7+ Ke8 53. Kd5
Be7 54. Bf4 Rg6 55. Bg3 h5 56. Be5 Rh6 57. Rc7 a5 58. b5 Bxa3 59. Rc6 Rh7 60.
Rc8+ Kf7 61. Rc7+ Be7 62. b6 Rh6 63. Rc6 1-0

[Event "UT Dallas vs USA Juniors"]
[Site "Richardson USA"]
[Date "2015.03.15"]
[Round "5.1"]
[White "Kritz, Leonid"]
[Black "Sevian, Samuel"]
[Result "1/2-1/2"]
[WhiteTitle "GM"]
[BlackTitle "GM"]
[WhiteElo "2583"]
[BlackElo "2531"]
[WhiteTeam "UTD team"]
[BlackTeam "USAJr team"]
[WhiteFideId "4653530"]
[BlackFideId "2040506"]
[EventDate "2015.03.13"]

1. e4 e5 2. Nf3 Nc6 3. Bb5 a6 4. Ba4 Nf6 5. O-O b5 6. Bb3 Bc5 7. Nc3 d6 8. Nd5
Nd4 9. Nxd4 Bxd4 10. c3 Ba7 11. Nxf6+ Qxf6 12. Bd5 Rb8 13. Bc6+ Bd7 14. Bxd7+
Kxd7 15. a4 b4 16. Kh1 a5 17. f4 exf4 18. Qg4+ Qe6 19. Qxf4 f6 20. d3 bxc3 21.
bxc3 Rb3 22. Bd2 Rb2 23. Qg3 Rg8 24. Bf4 h5 25. Qg6 h4 26. h3 f5 27. Qxe6+ Kxe6
28. exf5+ Kf6 29. d4 Re8 30. Rf3 Ree2 31. g4 hxg3 32. Bxg3 c5 33. d5 c4 34. Bxd6
Rbd2 35. Bg3 Rxd5 36. Bh4+ Kf7 37. Re1 Rxe1+ 38. Bxe1 Rd1 39. Rf1 Bb8 40. Kg2
Be5 41. Bh4 Rd2+ 1/2-1/2

[Event "UT Dallas vs USA Juniors"]
[Site "Richardson USA"]
[Date "2015.03.15"]
[Round "5.2"]
[White "Iotov, Valentin"]
[Black "Yang, Darwin"]
[Result "1-0"]
[WhiteTitle "GM"]
[BlackTitle "IM"]
[WhiteElo "2579"]
[BlackElo "2478"]
[WhiteTeam "UTD team"]
[BlackTeam "USAJr team"]
[WhiteFideId "2906074"]
[BlackFideId "2029111"]
[EventDate "2015.03.13"]

1. d4 d5 2. c4 c6 3. cxd5 cxd5 4. Nc3 Nf6 5. Bf4 Nc6 6. e3 Bf5 7. Qb3 Na5 8.
Qa4+ Bd7 9. Qc2 Rc8 10. Bd3 b5 11. a3 e6 12. Nf3 Nc4 13. O-O Be7 14. Qe2 O-O 15.
Ne5 Be8 16. Rac1 Nd7 17. Nxc4 bxc4 18. Bb1 f5 19. f3 Bg6 20. e4 fxe4 21. fxe4
Rxf4 22. Rxf4 Bg5 23. Rcf1 Bxf4 24. Rxf4 Qg5 25. Qe3 Bf7 26. h4 Qh6 27. Qf3 Nf6
28. e5 Bh5 29. Qf2 Ng4 30. Qg3 Rf8 31. Ne2 Nf6 32. Rxf6 Rxf6 33. exf6 Bxe2 34.
Qb8+ Kf7 35. Qc7+ Kxf6 36. Qe5+ Ke7 37. Qxe2 Qc1+ 38. Qf1 Qe3+ 39. Kh2 Qxd4 40.
Qe1 Qxb2 41. Bxh7 Qxa3 42. Qd2 Qd6+ 43. Kh3 e5 44. Bg8 d4 45. Bxc4 e4 46. Qg5+
Qf6 47. Qc5+ Ke8 48. Qc8+ Ke7 49. Qb7+ 1-0